000 00826nam a22002537a 4500
003 DO-SdBNP
005 20211008113806.0
007 ta
008 210310e2020 dr ||||er|||| 001 0dspa d
020 _a9789945804119
040 _aDO-SdBNP
_bspa
_cDBPHU
041 _hspa
082 4 _aBNPHU
_bJ649p
100 1 _aJoga , Alexandra
_978054
245 1 0 _aPsicología de la periodontitis :
_bguía fácil para prevenir el deterioro cognitivo /
_cAlexandra Joga ; editor Orlando Ortíz Martínez
260 _aSanto Domingo :
_bConadex Soluciones Gráficas ,
_c2020.
300 _a102 p. ;
_c22 cm.
_b
500 _aIncluye glosario de términos.
504 _aBibliografía : p. 97-102
590 _aInventariado, 2021/MF
700 1 _aOrtíz Martínez, Orlando,
_eeditor.
_978055
910 _aMfeliz
942 _2ddc
_cLBS1
999 _c49526
_d49526